000 01908nka a2200349 i 4500
001 102925
003 ES-MaACL
005 20250822063148.0
007 t|
008 051220q1875 sp f | |r||1c|spa d
100 1 _aSerra y Mas, Pascual,
_dfl. 1869-1875
_edrm
_eegr
_9105662
245 1 4 _a[La Inmaculada]
_h[Material gráfico] /
_cBartolomé Murillo lo pintó ; Pascual Serra dibujó y grabó
260 _a[S.l. :
_bs.n.,
_cca. 1875]
300 _a1 estampa :
_bgrabado calcográfico ;
_c478 x 297 mm
490 1 _aColección facticia de grabados ;
_v6
520 _aDurante el siglo XIX la fama de Murillo no sólo fue en aumento, sino que creció al ponerse de moda con el Romanticismo. En 1878 Pascual Serra acudió a la Exposición Universal de París con esta obra, que reproduce una de las Inmaculadas más famosas de Murillo, denominada Concepción de Aranjuez, realizada hacia 1670; en ella la Virgen aparece sobre una media Luna, con la mirada dirigida al cielo, y a sus pies hay un grupo de ángeles con atributos de pureza, portando palmas y azucenas
520 _a
530 _aDisponible en formato digital
600 0 4 _aVirgen María
_9115436
650 7 _aInmaculada Concepción
_2embne
_9162762
650 7 _aÁngeles
_2embne
_99825
655 7 _aGrabados calcográficos
_2tgfbne
_9241761
655 7 _aGrabados
_2tgfbne
_9226846
655 4 _aReproducciones de obras de arte
_9241931
700 1 _aMurillo, Bartolomé Esteban,
_d1617-1682
_eart
_984581
830 0 _aColección facticia de grabados ;
_v6
_9184692
852 4 _aES-MaACL
_cDEPO2
_jGF-2(6)
856 4 _uhttps://museotik.euskadi.eus/autoria-murillo-bartolome-esteban-perez-serra-pascual/titulo-inmaculada-concepcion/objeto-estampa/museotik-ca-151184/webmus00-contenedor/es/
_yVersión en línea
_z(Museotik)
942 _2udc
_cDIBGRB
_n0
999 _c102925
_d102925